Statistics for Hells Kitchen Season 3 Contestants

Click here to take the quiz!

General Stats

  • This quiz has been taken 30 times
  • The average score is 11 of 13

Answer Stats

HintAnswer% Correct
Runner UpBonnie Muirhead
100%
5thJosh Wahler
100%
4thJulia Williams
100%
WinnerRock Harper
100%
6thBrad Miller
94%
11thEddie Langley
94%
3rdJen Yemola
94%
7thMelissa Firpo
94%
8thVinnie Fama
88%
10thAaron Song
82%
9thJoanna Dunn
71%
12thTiffany Nagel
65%
13thJR
53%

Score Distribution

Percentile by Number Answered

Percent of People with Each Score

Your Score History

You have not taken this quiz